000 01034nam a2200241 a 4500
001 80084
003 BD-RjUL
005 20220705105740.0
008 220705s20212007ben||||| |||| 00| 0 ben d
020 _a9789392453991
035 _a(BD-RjUL)80084
040 _aBD-RjUL
_beng
_cBD-RjUL
041 _aeng
082 _223
_a791.43095414
_bGHC 2021
100 _aঘটক, ঋত্বিককুমার
_94002
245 1 0 _aচলচ্চিত্র মানুষ এবং আরো কিছু /
_cঋত্বিককুমার ঘটক
250 _aপরিবর্ধিত ও পরিমার্জিত ২য় সংস্করণ
260 _aকলকাতা :
_bদে’জ পাবলিশিং,
_c২০০৭, [পুনর্মুদ্রণ ২০২১]
300 _a৩৯২ পৃ.;
_c২২ সেমি.
650 _aচলমান ছবি
_zভারত
_zপশ্চিমবঙ্গ
_94003
650 _aMotion pictures
_zIndia
_zWest Bengal
_94004
942 _2ddc
_cBK
999 _c80084
_d80084